Les 10 plus grandes villes de Galice - Statistics

General Stats
  • This quiz has been taken 21 times
  • The average score is 6 of 10
Answer Stats
Population Ville % Correct
294 489 Vigo
100%
251 543 La Corogne
80%
100 143 Lugo
70%
105 769 Orense
60%
83 316 Pontevedra
60%
100 965 Saint-Jacques-de-Compostelle
60%
64 367 Ferrol
50%
39 953 Narón
40%
38 793 Oleiros
30%
34 403 Arteixo
20%
No matching quizzes found
Score Distribution
Percent of People with Each Score
Percentile by Number Answered
Your Score History
You have not taken this quiz